Ο έλεγχος στους πρωτοβάθμιους οργανισμούς : διπλωματική εργασία

Αποθηκεύτηκε σε:
Λεπτομέρειες βιβλιογραφικής εγγραφής
Κύριος συγγραφέας: Κουρμουλάκη, Μαρία
Συγγραφή απο Οργανισμό/Αρχή: Πανεπιστήμιο Αιγαίου Σχολή Επιστημών της Διοίκησης Τμήμα Διοίκησης Επιχειρήσεων Πρόγραμμα Μεταπτυχιακών Σπουδών στη Διοίκηση Επιχειρήσεων - M.B.A
Άλλοι συγγραφείς: Μπεκιάρης, Μιχάλης (Εισηγητής διατριβής)
Μορφή: Thesis Βιβλίο
Γλώσσα:Greek
Δημοσίευση: 2012
Θέματα:
Διαθέσιμο Online:http://hdl.handle.net/11610/13588
Ετικέτες: Προσθήκη ετικέτας
Δεν υπάρχουν, Καταχωρήστε ετικέτα πρώτοι!

MARC

LEADER 00000cam a2200000 i 4500
001 1/40073
008 140113s2012 gre d
035 |l 10116319 
040 |a GR-MY-UA  |b gre  |e aacr 
041 0 |a gre 
082 0 |a 657.458  |2 (22) 
100 1 |a Κουρμουλάκη, Μαρία. 
245 1 2 |a Ο έλεγχος στους πρωτοβάθμιους οργανισμούς :  |b διπλωματική εργασία /  |c Κουρμουλάκη Μαρία ; επιβλέπων: Μπεκιάρης Μιχαήλ 
260 |c 2012 
300 |a 52 σ.;  |b διαγρ.;  |c 30 εκ. 
502 # # |a Διατριβή (μεταπτυχιακή) – Πανεπιστήμιο Αιγαίου, Χίος, 2012. 
504 |a Περιλαμβάνει βιβλιογραφία 
650 0 0 |a Auditing, Internal. 
650 0 0 |a Auditing. 
650 0 0 |a Local goverment. 
650 0 0 |a Dissertations, Academic  |z Greece. 
700 0 |4 ths  |a Μπεκιάρης, Μιχάλης. 
710 1 |a Πανεπιστήμιο Αιγαίου  |b Σχολή Επιστημών της Διοίκησης  |b Τμήμα Διοίκησης Επιχειρήσεων  |b Πρόγραμμα Μεταπτυχιακών Σπουδών στη Διοίκηση Επιχειρήσεων - M.B.A. 
852 |a INST  |b CHIOS  |c DIATR  |e 20140114  |h 657.458 ΚΟΥ  |p 005200036642  |q 005200036642  |t MTXE  |y 23 
852 |a INST  |b CHIOS  |c DIATR  |e 20140113  |h 657.458 ΚΟΥ  |p 005200036643  |q 005200036643  |t MTXE  |y 23 
856 |u http://hdl.handle.net/11610/13588 
901 |a BIBL2-2014-1 
909 |a Χ  |b 179683 
909 |a Χ  |b 179684 
924 |a ΚΟΥΡΜΟΥΛΑΚΗ  |b ΜΑΡΙΑ  |y ΧΙΟΣ  |z 2012-11 
970 |a ΠΑΡΟΙΚΑΚΗ  |b ΒΑΣΙΛΙΚΗ  |z 2014/01/13